| 000 | 00839nam a22002535i 4500 | ||
|---|---|---|---|
| 999 |
_c29039 _d29010 |
||
| 003 | EG-ScBUE | ||
| 005 | 20201214104908.0 | ||
| 008 | 201214s2019 ua g 000 f ara d | ||
| 017 | _a2011 / 17447 | ||
| 020 | _a9789770930762 | ||
| 040 |
_aEG-ScBUE _bara _erda _cEG-ScBUE _dEG-ScBUE |
||
| 082 | 0 | 4 |
_a892.736 _bم ح ف _222 |
| 100 | 1 |
_aمحفوظ، نجيب، _d1911-2006، _eمؤلف. |
|
| 245 | 1 | 0 |
_aقصر الشوق / _cنجيب محفوظ. |
| 250 | _aالطبعة الحادية عشرة. | ||
| 264 | 1 |
_aالقاهرة : _bدارالشروق، _c2019. |
|
| 300 |
_a544 صفحة ؛ _c20 سم |
||
| 336 |
_aنص _btxt _2rdacontent |
||
| 337 |
_aبدون وسيط _bn _2rdamedia |
||
| 338 |
_aمجلد _bnc _2rdacarrier |
||
| 650 | 7 |
_aالقصص العربية _yقرن 20. _2BUEsh |
|
| 653 |
_bARALIT _bGGEN _cDecember2020 |
||
| 942 | _2ddc | ||